Cultura, política y práctica educativa

Gespeichert in:
Bibliographische Detailangaben
1. Verfasser: Giroux, Henry A (VerfasserIn)
Format: Buch
Sprache:Spanisch
Veröffentlicht: Barcelona Graó 2001
Schriftenreihe:Biblioteca de Aula, 158
Schlagworte:
Tags: Tag hinzufügen
Keine Tags, Fügen Sie den ersten Tag hinzu!

MARC

LEADER 00000nam a2200000 a 4500
001 UCL4834
003 CL-VaPUC
008 040227e20010000SP |||||||||||||||||spa|d
020 |a 8478272526 
082 0 4 |a 370.1  |b GIR  |2 21 
100 |a Giroux, Henry A  |e author  |9 524493 
245 1 0 |a Cultura, política y práctica educativa 
300 |a 141 p 
942 |c BK 
945 |d 20040227 00:00:00  |a cmena 
260 |a Barcelona  |b Graó  |c 2001 
650 0 |a Filosofía de la educación   |9 258384 
650 0 |a Política gubernamental  |9 262286 
650 0 |a Desarrollo cultural  |9 267526 
650 0 |a Sociología de la educación   |9 260380 
583 |a last modification  |c 20160913 11:06:40  |k Rodrigo Vera 
490 0 |a Biblioteca de Aula, 158 
999 |c 307594  |d 307592 
952 |0 0  |1 0  |4 0  |6 370_100000000000000_GIR_2001  |7 0  |8 A  |9 373627  |a BIBEDU  |b BIBEDU  |d 2019-11-21  |i 4065131  |l 1  |o 370.1 GIR 2001  |p 4065131  |r 2023-10-19  |s 2023-10-19  |w 2019-11-21  |y BK  |k PAR